Normal view MARC view
  • Lubrication and lubricants

Entry Topical Term

Number of records used in: 9

001 - CONTROL NUMBER

  • control field: 41091

003 - CONTROL NUMBER IDENTIFIER

  • control field: NUST

005 - DATE AND TIME OF LATEST TRANSACTION

  • control field: 20210314131951.0

008 - FIXED-LENGTH DATA ELEMENTS

  • fixed length control field: 210314|| aca||aabn | a|a d

040 ## - CATALOGING SOURCE

  • Original cataloging agency: NUST
  • Transcribing agency: NUST

150 ## - HEADING--TOPICAL TERM

  • Topical term or geographic name entry element: Lubrication and lubricants

670 ## - SOURCE DATA FOUND

  • Source citation: Work cat.: (NUST): Fuller, Dudley D. 41090, Theory and practice of lubrication for engineers., [1956]
© 2023 Central Library, National University of Sciences and Technology. All Rights Reserved.